000
00194 a2200097 4500
001
11669
100
_a
Samuelson,P.A
245
_a
Economics
260
_a
_b
MeGraw Hill
_c
090
_c
8980
_d
8980
942
_a
NUST-CAE
_c
M
_c
35800
999
_c
246742
_d
246742